Statistics for NASCAR Drivers in 2000

Click here to take the quiz!

General Stats

  • This quiz has been taken 42 times
  • The average score is 40 of 110

Answer Stats

Team#Number% Correct
Richard Childress Racing3Dale Earnhardt
95%
Dale Earnhardt, Inc.8Dale Earnhardt Jr.
95%
Marcis Auto Racing71Kerry Earnhardt
89%
Hendrick Motorsports24Jeff Gordon
84%
Team Menard13Robby Gordon
84%
Petty Enterprises45Adam Petty
79%
Petty Enterprises44Kyle Petty
79%
Petty Enterprises45Kyle Petty
79%
Penske-Kranefuss Racing12Kyle Petty
79%
Roush Racing6Mark Martin
79%
Roush Racing97Kurt Busch
74%
Joe Gibbs Racing20Tony Stewart
74%
Joe Gibbs Racing18Bobby Labonte
68%
Brett Bodine Racing11Brett Bodine
68%
Andy Petree Racing35Geoff Bodine
68%
Joe Bessey Racing60Geoff Bodine
68%
MacPherson Motorsports98Geoff Bodine
68%
Hendrick Motorsports5Terry Labonte
68%
Haas-Carter Motorsports46Todd Bodine
68%
Hendrick Motorsports5Todd Bodine
68%
LJ Racing91Todd Bodine
68%
Cicci-Welliver Racing34Todd Bodine
68%
Robert Yates Racing88Dale Jarrett
63%
Haas-Carter Motorsports66Darrell Waltrip
63%
Mansion Motorsports85Darrell Waltrip
63%
Andy Petree Racing55Kenny Wallace
63%
Mattei Racing7Michael Waltrip
63%
Penske-Kranefuss Racing2Rusty Wallace
63%
Roush Racing17Matt Kenseth
58%
Bill Elliott Racing94Bill Elliott
53%
Morgan-McClure Motorsports4Bobby Hamilton
53%
Team SABCO42/01Bobby Hamilton Jr.
53%
Bobby Hamilton Racing57Bobby Hamilton Jr.
53%
Roush Racing99Jeff Burton
53%
Penske-Kranefuss Racing02Ryan Newman
53%
Bill Davis Racing22Ward Burton
53%
Marcis Auto Racing71Dave Marcis
47%
Penske-Kranefuss Racing12Jeremy Mayfield
47%
Joe Bessey Racing60Joe Bessey
47%
MB2 Motorsports36Ken Schrader
42%
Team SABCO40Sterling Marlin
42%
Wood Brothers Racing21Elliott Sadler
37%
Joe Bessey Racing60Hermie Sadler
37%
Andy Petree Racing33Joe Nemechek
37%
Norm Benning Racing84Norm Benning
37%
Dale Earnhardt, Inc.1Steve Park
37%
Bill Baird Motorsports52Bill Baird
32%
Bill Davis Racing93Dave Blaney
32%
JKR Racing34David Green
32%
Bill Elliott Racing94David Green
32%
Petty Enterprises43John Andretti
32%
Team SABCO42/01Kenny Irwin Jr.
32%
Richard Childress Racing31Mike Skinner
32%
Robert Yates Racing28Ricky Rudd
32%
Buckshot Racing00Buckshot Jones
26%
Evernham Motorsports19Casey Atwood
26%
Hendrick Motorsports25Jerry Nadeau
26%
Haas-Carter Motorsports26Jimmy Spencer
26%
Tyler Jet Motorsports10Johnny Benson
26%
Roush Racing16Kevin Lepage
26%
Team Menard13PJ Jones
26%
Team SABCO42/01PJ Jones
26%
Midwest Transit Racing50Ricky Craven
26%
Marcis Auto Racing71R. K. Smith
26%
Gerhart Racing89Bobby Gerhart
21%
Spencer Motor Ventures23Boris Said
21%
Roush Racing97Chad Little
21%
Joe Bessey Racing60Dick Trickle
21%
A. J. Foyt Racing14Dick Trickle
21%
Marcis Auto Racing71Dick Trickle
21%
Petty-Huggins Racing96Greg Sacks
21%
Hover Motorsports80Morgan Shepherd
21%
Jasper Motorsports77Robert Pressley
21%
Hendrick Motorsports5Ron Hornaday Jr.
21%
PPI Motorsports32Scott Pruett
21%
Petty Enterprises44Steve Grissom
21%
Team SABCO42/01Ted Musgrave
21%
Fenley-Moore Motorsports15Ted Musgrave
21%
Joe Bessey Racing60Ted Musgrave
21%
Galaxy Motorsports75Wally Dallenbach Jr.
21%
Fenley-Moore Motorsports15Derrike Cope
16%
Larry Hedrick Motorsports41Gary Bradberry
16%
Donlavey Racing90Hut Stricklin
16%
Eel River Racing27Mike Bliss
16%
A. J. Foyt Racing14Mike Bliss
16%
Coulter Racing61Rich Bickle
16%
Joe Bessey Racing60Rich Bickle
16%
A. J. Foyt Racing14Rick Mast
16%
Larry Hedrick Motorsports41Rick Mast
16%
Bill Davis Racing23Scott Wimmer
16%
Melling Racing9Stacy Compton
16%
PPI Motorsports96Andy Houston
11%
Donlavey Racing90Brian Simo
11%
Mansion Motorsports85Carl Long
11%
Donlavey Racing90Ed Berrier
11%
Eel River Racing27Jeff Fuller
11%
MacPherson Motorsports98Jeff Fuller
11%
Marcis Auto Racing72Jim Sauter
11%
NEMCO Motorsports87Ron Fellows
11%
Coulter Racing61Tim Sauter
11%
Penske-Kranefuss Racing12Tom Hubert
11%
LJ Racing91Blaise Alexander
5%
Melling Racing9Bobby Hillin Jr.
5%
TriStar Motorsports48Stanton Barrett
5%
LJ Racing91Andy Hillenburg
0%
AC Motorsports89Austin Cameron
0%
Jim & Judie Motorsports65Dan Pardus
0%
Sadler Brothers Racing95David Keith
0%
Marcis Auto Racing72Dwayne Leik
0%
LJ Racing91Larry Gunselman
0%

Score Distribution

Percentile by Number Answered

Percent of People with Each Score

Your Score History

You have not taken this quiz